| 000 | 00520nam a22001457a 4500 | ||
|---|---|---|---|
| 008 | 090222t xxu||||| |||| 00| 0 eng d | ||
| 020 | _a0702027634 (pbk.) | ||
| 082 |
_222 _a616 _bCLI NR |
||
| 245 |
_aKumar & Clark clinical medicine / _cedited by Parveen Kumar, Michael Clark |
||
| 250 | _a6th ed. | ||
| 260 |
_aEdinburgh ; New York : _bElsevier Saunders, _c2005 |
||
| 300 |
_axviii, 1508 p. : _bill. (chiefly col.), col. maps ; _c27 cm. |
||
| 504 | _aIncludes bibliographical references and index. | ||
| 942 |
_2ddc _cBB |
||
| 999 |
_c10913 _d10913 |
||